000 01393cam a2200361 a 4500
001 2386388
005 20151006092721.0
008 850426s1986 enka b 001 0 eng
010 _a 85011011
020 _a0521303338
040 _aDLC
_cDLC
_dDLC
043 _af-ke---
050 0 0 _aDT433.545.M32
_bM65 1986
082 0 0 _a306/.08996
_219
100 1 _aMoore, Henrietta L.
_96135
245 1 0 _aSpace, text, and gender :
_ban anthropological study of the Marakwet of Kenya /
_cHenrietta L. Moore.
260 _aCambridge ;
_aNew York :
_bCambridge University Press,
_c1986.
300 _axiv, 213 p. :
_bill. ;
_c24 cm.
500 _aBased on thesis (Ph. D.)--University of Cambridge.
500 _aIncludes index.
504 _aBibliography: p. [201]-209.
650 0 _aMarakwet (African people)
_xSocial life and customs.
_920065
650 0 _aWomen, Marakwet
_xSocial conditions.
_920066
650 0 _aSpace and time.
_92213
650 0 _aSpatial behavior
_zKenya
_zSibou.
_920067
650 0 _aSex role
_zKenya
_zSibou.
_920068
650 0 _aGender identity
_zKenya
_zSibou.
_920069
651 0 _aSibou (Kenya)
_xSocial conditions.
_920070
651 0 _aSibou (Kenya)
_xEconomic conditions.
_920071
856 4 2 _3Publisher description
_uhttp://www.loc.gov/catdir/description/cam031/85011011.html
906 _a7
_bcbc
_corignew
_d1
_eocip
_f19
_gy-gencatlg
942 _2lcc
_cMONOGRAPH
999 _c123457
_d123457